000 00747nam a22002297a 4500
003 OSt
005 20221014145147.0
008 221012b |||||||| |||| 00| 0 eng d
020 _a84-89152-39-x
040 _cBiblioteca Lado V
082 _a708
_bP348m
100 _9187
_aPaz, Marga
_econcepto
110 _9158
245 _aMaquinas/
260 _aLas Palmas de Gran Canaria
_bFundacion "La Caixa"
_c2000
300 _a199p.
_c24x29cm
650 _2Tesauro de Arte & Arquitectura
_aVANGUARDIA
650 _2Tesauro de Arte & Arquitectura
_aARTE MAQUINADA
650 _2Tesauro de Arte & Arquitectura
_aARTE MULTIDISCIPLINARIO
650 _2Tesauro de Arte & Arquitectura
_aESPANA
942 _2ddc
_c1
_h708
_iP348m
_n0
999 _c2321
_d2321